00436 2200169 4500245005800000020001600058250001000074100002400084650001800108650003100126005001900157260003600176041001400212084001000226300002100236336000900257 a56 Resep Roti, Pao & PizzacPT Media Boga UtamahText a979-23-6470 aCet.1 aPT Media Boga Utama aResep Makanan aResep Roti, Pao, dan Pizza a20241017105904 aJakartabMedia Boga Utamac2014 aIndonesia a641.5 a134 hlm :c23 cm atext